Ứng dụng di động hỗ trợ kiến thức cho sinh viên nhóm ngành kỹ thuật Đại học Cần Thơ : Báo cáo tổng kết đề tài nghiên cứu khoa học và công nghệ cấp Trường
Hỗ trợ sinh viên nhóm ngành kỹ thuật học tiếng Anh,ôn tập và tìm hiểu kiến thức mới trong nhiều lĩnh vực liên quan đến học tập thông qua các hình thức mang tính giải trí, sinh động.
Na minha lista:
| Autor principal: | |
|---|---|
| Formato: | Livro |
| Idioma: | Undetermined |
| Publicado em: |
Cần Thơ
Trường Đại học Cần Thơ
2015
|
| Assuntos: | |
| Tags: |
Adicionar Tag
Sem tags, seja o primeiro a adicionar uma tag!
|
| Thư viện lưu trữ: | Trung tâm Học liệu Trường Đại học Cần Thơ |
|---|
| LEADER | 01337nam a2200229Ia 4500 | ||
|---|---|---|---|
| 001 | CTU_210395 | ||
| 008 | 210402s9999 xx 000 0 und d | ||
| 082 | |a 371.33 | ||
| 082 | |b Nh300 | ||
| 088 | |a TSV2015-15 | ||
| 100 | |a Phan, Kim Yến Nhi | ||
| 245 | 0 | |a Ứng dụng di động hỗ trợ kiến thức cho sinh viên nhóm ngành kỹ thuật Đại học Cần Thơ : | |
| 245 | 0 | |b Báo cáo tổng kết đề tài nghiên cứu khoa học và công nghệ cấp Trường | |
| 245 | 0 | |c Phan Kim Yến Nhi ; Nguyễn Thanh Hải (hướng dẫn) | |
| 260 | |a Cần Thơ | ||
| 260 | |b Trường Đại học Cần Thơ | ||
| 260 | |c 2015 | ||
| 520 | |a Hỗ trợ sinh viên nhóm ngành kỹ thuật học tiếng Anh,ôn tập và tìm hiểu kiến thức mới trong nhiều lĩnh vực liên quan đến học tập thông qua các hình thức mang tính giải trí, sinh động. | ||
| 650 | |a Android (Electronic resource),Phần mềm Android (nguồn điện tử),Phần mềm Android (nguồn điện tử),Android (Electronic resource) | ||
| 650 | |x Programming,Chương trình | ||
| 904 | |i Nguyễn Văn Môi,Qhieu | ||
| 980 | |a Trung tâm Học liệu Trường Đại học Cần Thơ | ||